000 00700nam a2200289Ia 4500
005 20260324134930.0
008 008 260324s9999 xx 000 0 eng d
020 _a9781315863504
037 _aEBOOK
040 _aCRL
040 _beng
040 _cCRL
041 _2eng
041 _aeng
084 _qCRL
100 _aLinda S Katz
_91185922
245 0 _aDoing the Work of Reference
245 0 _bPractical Tips for Excelling as a Reference Librarian
260 _bTaylor and Francis
260 _c2001
365 _a
365 _b63.99
856 _uhttp://www.taylorfrancis.com/books/9781315863504
942 _cEBOOK
999 _c1799273
_d1799273